(16) - 50 villes les plus peuplées de la Charente (16) - Statistiques

Statistiques générales
  • Ce quiz a été pris 27 fois
  • Le résultat moyen est 16 sur 50
Statistiques - réponses
nombre d'habitant ville % Correct
41 908 Angoulême
100%
18 532 Cognac
100%
10 087 Soyaux
80%
7 765 La Couronne
75%
3 449 Ruffec
75%
2 730 Confolens
70%
4 486 Jarnac
70%
4 726 Barbezieux-Saint-Hilaire
60%
5 862 Gond-Pontouvre
60%
5 682 L'Isle-d'Espagnac
60%
7 539 Saint-Yrieix-sur-Charente
60%
4 025 La Rochefoucauld-en-Angoumois
50%
5 281 Champniers
45%
3 550 Châteauneuf-sur-Charente
45%
1 812 Chalais
40%
7 408 Ruelle-sur-Touvre
35%
3 196 Saint-Michel
35%
1 594 Aigre
30%
3 878 Châteaubernard
30%
2 088 Mansle-les-Fontaines
30%
2 919 Rouillac
30%
3 777 Terres-de-Haute-Charente
30%
4 125 Brie
25%
3 111 Chasseneuil-sur-Bonnieure
25%
3 861 Fléac
25%
3 255 Magnac-sur-Touvre
25%
2 000 Montbron
25%
1 354 Nanteuil-en-Vallée
25%
1 543 Chazelles
20%
2 246 Nersac
20%
2 015 Rivières
20%
1 410 Balzac
15%
1 589 Chabanais
15%
1 362 Dignac
15%
2 105 Garat
15%
1 627 Gensac-la-Pallue
15%
2 841 La Boixe
15%
2 115 Linars
15%
2 403 Montmoreau
15%
2 107 Mornac
15%
2 083 Segonzac
15%
2 359 Mouthiers-sur-Boëme
10%
2 403 Puymoyen
10%
4 357 Roullet-Saint-Estèphe
10%
1 387 Boutiers-Saint-Trojan
5%
1 516 Dirac
5%
1 593 Taponnat-Fleurignac
5%
3 471 Val-de-Cognac
5%
1 591 Vœuil-et-Giget
5%
1 352 Val des Vignes
0%
Aucun quiz correspondant
Distribution des résultats
% des personnes avec chaque résultat
Percentile par nombre de réponses
Votre historique - résultats
Vous n’avez pas pris ce quiz